Twitterのサブアカウントからにじさんじライバーを当てよう - Statistics

General Stats
  • This quiz has been taken 40 times
  • The average score is 6 of 14
Answer Stats
アカウント名 Answer % Correct
じごくのけるべろす 戌亥とこ
85%
一般オタク獄卒 奈羅花
62%
葉月えま えま★おうがすと
62%
すーま 酒寄颯馬
56%
楽屋コメディアン
緋八マナ
56%
自我が芽生えた眼鏡 瀬戸美夜子
53%
❄️ 雪城眞尋
53%
クソデカ感情の溜まり場 健屋花那
44%
花伏しほ 黒井しば
41%
一次創作の二次創作 周央サンゴ
29%
˗ˏˋ ㊒㊡³ᶜʰᵃﬡ ˎˊ˗ 🗝 弦月藤士郎
12%
ロキソニン太郎 轟京子
12%
健康 社築
9%
酒好きおねえさん🪡
北小路ヒスイ
9%
No matching quizzes found
Score Distribution
Percent of People with Each Score
Percentile by Number Answered
Your Score History
You have not taken this quiz